Państwa które uczestniczyły Eurowizji 2023 - Statystyki

Ogólne statystyki
  • Ten quiz został rozwiązany 41 razy
    38 od ostatniego zresetowania
  • Średni wynik to 31 z 37
Statystyki odpowiedzi
Odpowiedź % Poprawnych
6 Belgia
97%
17 Holandia
97%
27 Polska
97%
34 Szwecja
97%
16 Hiszpania
93%
25 Niemcy
93%
28 Portugalia
93%
29 Rumunia
93%
35 Ukraina
93%
10 Czechy
90%
11 Dania
90%
12 Finlandia
90%
13 Francja
90%
14 Grecja
90%
37 Włochy
90%
1 Albania
87%
3 Austria
87%
7 Chorwacja
87%
18 Irlandia
87%
21 Litwa
87%
26 Norwegia
87%
32 Słowenia
87%
36 Wielka Brytania
87%
2 Armenia
80%
9 Estonia
80%
22 Łotwa
80%
23 Malta
80%
24 Mołdawia
80%
33 Szwajcaria
80%
4 Australia
77%
19 Islandia
77%
31 Serbia
77%
8 Cypr
73%
15 Gruzja
73%
20 Izrael
70%
5 Azerbejdżan
67%
30 San Marino
60%
Nie znaleziono quizów pasujących do podanych kryteriów
Rozkład punktacji
Procent ludzi z każdym wynikiem
Percentyl według liczby udzielonych odpowiedzi
Twoja historia wyników
Nie rozwiązałeś tego quizu od ostatniego zresetowania